Parent and child, a treatise on the moral and religious education of children /

Bibliographic Details
Main Author: Lodge, Oliver, Sir, 1851-1940
Format: Book
Language:English
Published: New York and London : Funk & Wagnalls company, 1910.
Subjects:

MARC

Tag First Indicator Second Indicator Subfields
LEADER 00000cam a2200000 4500
001 in00000057357
005 20151007082049.0
008 790808s1910 nyu 00010 eng
010 |a  10022756  
035 |a (OCoLC)05250087 
035 |9 AAF7317AM 
040 |a DLC  |c XFM  |d TXA  |d UtOrBLW 
049 |a TXAM  |c [481] 
050 0 |a LC268  |b .L6 
092 |a 173  |b L82 
100 1 |a Lodge, Oliver,  |c Sir,  |d 1851-1940. 
245 1 0 |a Parent and child, a treatise on the moral and religious education of children /  |c by Sir Oliver Lodge. 
264 1 |a New York and London :  |b Funk & Wagnalls company,  |c 1910. 
300 |a 73 pages ;  |c 19 cm. 
336 |a text  |b txt  |2 rdacontent 
337 |a unmediated  |b n  |2 rdamedia 
338 |a volume  |b nc  |2 rdacarrier 
650 0 |a Home schooling. 
650 0 |a Homebound instruction. 
999 |a MARS 
999 f f |s 43d7dee3-155d-3e81-bea3-b704ff322b36  |i 9f7d16cb-c8e8-3a06-ab82-ebb89082a3a0  |t 0 
952 f f |p normal  |a Texas A&M University  |b College Station  |c Sterling C. Evans Library  |d Evans: Library Stacks  |t 0  |e LC268 .L6  |h Library of Congress classification  |i unmediated -- volume  |m A14800535086 
998 f f |a LC268 .L6  |t 0  |l Evans: Library Stacks